| 000 | 01265nam a2200325Ia 4500 | ||
|---|---|---|---|
| 001 | ebr10717531 | ||
| 003 | CaPaEBR | ||
| 006 | m o u | ||
| 007 | cr cn||||||||| | ||
| 008 | 020118r20021912ilu sb 001 0 eng d | ||
| 010 | _z 2002000262 | ||
| 020 | _z0252027841 (cloth : alk. paper) | ||
| 020 | _z0252070925 (paper : alk. paper) | ||
| 020 | _z9780252090363 | ||
| 040 |
_aCaPaEBR _cCaPaEBR |
||
| 035 | _a(OCoLC)846496163 | ||
| 050 | 1 | 4 |
_aHQ144 _b.A7 2002eb |
| 082 | 0 | 4 |
_a306.74 _221 |
| 100 | 1 |
_aAddams, Jane, _d1860-1935. |
|
| 245 | 1 | 2 |
_aA new conscience and an ancient evil _h[electronic resource] / _cJane Addams ; introd. by Katherine Joslin. |
| 260 |
_aUrbana : _bUniversity of Illinois Press, _cc2002. |
||
| 300 | _axxxii, 108 p. | ||
| 504 | _aIncludes bibliographical references and index. | ||
| 533 |
_aElectronic reproduction. _bPalo Alto, Calif. : _cebrary, _d2013. _nAvailable via World Wide Web. _nAccess may be limited to ebrary affiliated libraries. |
||
| 650 | 0 | _aProstitution. | |
| 650 | 0 |
_aProstitution _zIllinois _zChicago. |
|
| 655 | 7 |
_aElectronic books. _2local |
|
| 710 | 2 | _aebrary, Inc. | |
| 856 | 4 | 0 |
_uhttp://site.ebrary.com/lib/rucke/Doc?id=10717531 _zAn electronic book accessible through the World Wide Web; click to view |
| 999 |
_c41328 _d41328 |
||